江西省市辖区 - Statistics

General Stats
  • This quiz has been taken 16 times
  • The average score is 17 of 27
Answers on the Map
Answers color-coded by a green-red scale on the quiz's map according to % correct below.
 
Answer Stats
Answer % Correct
浔阳区
100%
吉州区
100%
红谷滩区
89%
湘东区
89%
柴桑区
89%
东湖区
78%
西湖区
78%
青云谱区
78%
青山湖区
78%
新建区
78%
安源区
78%
章贡区
78%
赣县区
78%
临川区
78%
渝水区
56%
袁州区
56%
东乡区
56%
信州区
56%
濂溪区
44%
月湖区
44%
南康区
44%
青原区
44%
广信区
44%
珠山区
33%
广丰区
33%
昌江区
22%
余江区
22%
No matching quizzes found
Score Distribution
Percent of People with Each Score
Percentile by Number Answered
Your Score History
You have not taken this quiz